|
|
|
|
| LEADER |
00985nam a2200241 a 4500 |
| 008 |
100325r1999 ii a b 001 0 eng d |
| 020 |
|
|
|a 812590638x
|
| 040 |
|
|
|a BD-DhAAL
|c BD-DhAAL
|
| 082 |
0 |
0 |
|a 332
|2 21
|
| 100 |
1 |
|
|a Pandey, I. M.
|
| 245 |
1 |
0 |
|a Financial management /
|c I. M. Pandey.
|
| 250 |
|
|
|a 8th ed.
|
| 260 |
|
|
|a New Delhi :
|b Vikas Publishing House Pvt. Ltd.,
|c 1999 [reprinted].
|
| 300 |
|
|
|a xxiv, 1226 p. :
|b ill. ;
|c 24 cm.
|
| 504 |
|
|
|a Includes bibliographical references and index.
|
| 541 |
1 |
|
|e 00008225
|
| 650 |
|
0 |
|a Finance.
|
| 650 |
|
0 |
|a Saving and investment.
|
| 650 |
|
0 |
|a Managerial accounting.
|
| 852 |
4 |
|
|a Ayesha Abed Library
|j General Shelf
|
| 999 |
|
|
|c 7877
|d 7877
|
| 952 |
|
|
|0 0
|1 0
|2 ddc
|4 0
|6 332_PAN_199900000000000
|7 0
|9 8809
|a BRACUL
|b BRACUL
|c GEN
|d 2010-03-25
|l 1
|m 22
|o 332 PAN
|p 3010008225
|r 2018-01-31
|s 2017-09-14
|t 1
|w 2010-03-25
|y BK
|
| 952 |
|
|
|0 0
|1 0
|2 ddc
|4 0
|6 332_000000000000000_PAN
|7 0
|9 43287
|a SCL
|b SCL
|c GEN
|d 2000-01-25
|l 0
|o 332 PAN
|p 3020002725
|r 2014-07-19
|t 2
|w 2014-07-19
|y BK
|